Govt. of
Madhya Pradesh

शरत़के नारी पात्र (Record no. 64608)

MARC details
000 -LEADER
fixed length control field 00371nam a2200109Ia 4500
008 - FIXED-LENGTH DATA ELEMENTS--GENERAL INFORMATION
fixed length control field 221009s9999 xx 000 0 und d
082 ## - DEWEY DECIMAL CLASSIFICATION NUMBER
Classification number 800/CHA
100 ## - MAIN ENTRY--PERSONAL NAME
Personal name चतुर्वेदी श्री. रामस्‍वरूप
9 (RLIN) 40075
245 #0 - TITLE STATEMENT
Title शरत़के नारी पात्र
260 ## - PUBLICATION, DISTRIBUTION, ETC. (IMPRINT)
Name of publisher, distributor, etc. भारतीय ज्ञानमीठ
942 ## - ADDED ENTRY ELEMENTS (KOHA)
Koha item type Books

No items available.